Statistics for Spice Girls Singles

Click here to take the quiz!

General Stats

  • This quiz has been taken 534 times
    (518 since last reset)
  • The average score is 10 of 14

Answer Stats

HintAnswer% Correct
1996Wannabe
98%
1997Spice Up Your Life
88%
19962 Become 1
84%
1997Mama
84%
1998Stop
84%
1998Viva Forever
78%
1996Say You'll Be There
76%
1998Goodbye
71%
1997Who Do You Think You Are?
67%
2000Holler
62%
1997Too Much
61%
2007Headlines (Friendship Never Ends)
42%
2000Let Love Lead The Way
34%
1997Move Over
25%

Score Distribution

Percentile by Number Answered

Percent of People with Each Score

Your Score History

You have not taken this quiz since the last reset